000 01573nam a22001697a 4500
005 20251202123726.0
020 _a978-0134546926
082 _a005.43(R) LAN
100 _aJared P Lander
_91161
245 _aR for Everyone: Advanced Analytics and Graphics_2nd Edition
250 _a2
260 _aPearson Education
_bNew Delhi
_c2025
300 _a528 Pages
_bItem Weight ‏ : ‎ 689 g Dimensions ‏ : ‎ 17.53 x 2.29 x 22.86 cm
520 _aUsing the open source R language, you can build powerful statistical models to answer many of your most challenging questions. R has traditionally been difficult for non-statisticians to learn, and most R books assume far too much knowledge to be of help. R for Everyone is the solution. Drawing on his unsurpassed experience teaching new users, professional data scientist Jared P. Lander has written the perfect tutorial for anyone new to statistical programming and modeling. Organized to make learning easy and intuitive, this guide focuses on the 20 percent of R functionality you’ll need to accomplish 80 percent of modern data tasks. Lander’s self-contained chapters start with the absolute basics, offering extensive hands-on practice and sample code. You’ll download and install R; navigate and use the R environment; master basic program control, data import, and manipulation; and walk through several essential tests. Then, building on this foundation, you’ll construct several complete models, both linear and nonlinear, and use some data mining techniques.
650 _aCSE
_914
942 _cBK
999 _c38071
_d38071